Szántó (Arator) István S. J. Confutatio Alcorani (1611)

Elmentve itt :
Bibliográfiai részletek
Szerző: Lázár István Dávid
Dokumentumtípus: Disszertáció
Megjelent: 1990
Kulcsszavak:Művelődéstörténet
Tárgyszavak:
Online Access:http://doktori.ek.szte.hu/5669
LEADER 00698nta a2200193 i 4500
001 dokt5669
005 20220511133301.0
008 220511s1990 hu om 0|| hun d
040 |a SZTE Doktori Repozitórium  |b hun 
041 |a hun 
100 1 |a Lázár István Dávid 
245 1 0 |a Szántó (Arator) István S. J. Confutatio Alcorani (1611)  |h [elektronikus dokumentum] /  |c  Lázár István Dávid 
260 |c 1990 
502 |a Disszertacio 
650 4 |a irodalom- és kultúra tudományok 
650 4 |a Bölcsészettudományok 
650 4 |a Nyelvek és irodalom 
695 |a Művelődéstörténet 
856 4 0 |u https://doktori.bibl.u-szeged.hu/id/eprint/5669/1/1990_lazar_istvan_david.pdf  |z Dokumentum-elérés